[Event "NED-ch U16"]
[Site "Almelo"]
[Date "2023.05.06"]
[Round "7"]
[White "Blom, Rens"]
[Black "Guillaumond, Matthieu"]
[Result "1/2-1/2"]
[WhiteElo "1747"]
[BlackElo "2010"]
[PlyCount "92"]
[EventDate "2023.04.30"]
[EventType "swiss"]
[EventRounds "7"]
[EventCountry "NED"]
[SourceTitle "CBM 214 Extra"]
[Source "ChessBase"]
[SourceDate "2023.07.31"]
[SourceVersion "1"]
[SourceVersionDate "2023.07.31"]
[SourceQuality "1"]

1. c4 e6 2. e4 d5 3. cxd5 exd5 4. exd5 Nf6 5. Bb5+ Nbd7 6. Nc3 a6 7. Ba4 b5 8. Bb3 Bd6 9. Qe2+ Qe7 10. d4 Bb7 11. Bg5 Qxe2+ 12. Ngxe2 b4 13. Na4 Nxd5 14. 0-0 0-0 15. Rac1 Rfe8 16. Rfe1 h6 17. Bd2 a5 18. Nc5 Bxc5 19. dxc5 Ne5 20. Nd4 Nd3 21. c6 Ba6 22. Bxd5 Nxe1 23. Bxe1 Rad8 24. Bf3 Rxd4 25. a3 bxa3 26. b3 Be2 27. Bxa5 Bxf3 28. gxf3 Red8 29. Kg2 Rd1 30. Rc2 R8d6 31. Bxc7 R6d2 32. Rc4 Rd4 33. Rxd4 Rxd4 34. Be5 Rd1 35. b4 f6 36. b5 fxe5 37. c7 Rc1 38. b6 a2 39. b7 a1Q 40. c8Q+ Rxc8 41. bxc8Q+ Kf7 42. Qd7+ Kg6 43. Qe6+ Kh7 44. Qf5+ Kg8 45. Qe6+ Kf8 46. Qc8+ Kf7 1/2-1/2

[Event "NED-ch U14"]
[Site "Almelo"]
[Date "2021.08.05"]
[Round "7"]
[White "Blom, Rens"]
[Black "Kumar, Prayan Sai"]
[Result "1-0"]
[WhiteElo "1650"]
[BlackElo "1652"]
[PlyCount "60"]
[EventDate "2021.08.01"]
[EventType "swiss"]
[EventRounds "9"]
[EventCountry "NED"]
[SourceTitle "EXT 2022"]
[Source "ChessBase"]
[SourceDate "2021.10.06"]
[SourceVersion "1"]
[SourceVersionDate "2021.10.06"]
[SourceQuality "1"]

1. c4 Nf6 2. Nc3 e6 3. e4 d6 4. d4 h6 5. Nf3 b6 6. Bf4 Bb7 7. d5 e5 8. Be3 Be7 9. Nd2 Nh7 10. Be2 Bg5 11. Bxg5 hxg5 12. f3 Nd7 13. b4 Nhf6 14. g3 Nf8 15. Nb3 N6d7 16. Na4 Ng6 17. c5 Nf6 18. Bb5+ Kf8 19. cxd6 Qxd6 20. a3 a6 21. Be2 Nh5 22. 0-0 Qd7 23. g4 Nhf4 24. Nb2 Rh4 25. Kh1 Ke7 26. Rf2 Rah8 27. Bf1 R8h7 28. Nc4 b5 29. Nc5 Qc8 30. d6+ Ke8 1-0

[Event "NED-ch U14"]
[Site "Almelo"]
[Date "2021.08.04"]
[Round "5"]
[White "Blom, Rens"]
[Black "Pancharajah, Abisan"]
[Result "0-1"]
[WhiteElo "1650"]
[BlackElo "1650"]
[PlyCount "92"]
[EventDate "2021.08.01"]
[EventType "swiss"]
[EventRounds "9"]
[EventCountry "NED"]
[SourceTitle "EXT 2022"]
[Source "ChessBase"]
[SourceDate "2021.10.06"]
[SourceVersion "1"]
[SourceVersionDate "2021.10.06"]
[SourceQuality "1"]

1. c4 Nf6 2. Nc3 g6 3. Nf3 Bg7 4. d4 0-0 5. e4 d6 6. Be2 e5 7. 0-0 Nc6 8. d5 Ne7 9. Ne1 Nd7 10. Be3 f5 11. f3 f4 12. Bf2 g5 13. a4 Ng6 14. a5 Nf6 15. a6 b6 16. Nd3 h5 17. b4 g4 18. c5 g3 19. Be1 h4 20. h3 Nh7 21. Bd2 Ng5 22. Re1 Bxh3 23. Bf1 Bxg2 24. Bxg2 h3 25. Re2 hxg2 26. Ne1 Nh3+ 27. Kxg2 Nf2 28. Rxf2 Qh4 29. Nd3 gxf2 30. Nxf2 Qg3+ 31. Kf1 Nh4 32. cxd6 Qg2+ 33. Ke2 Nxf3 34. Nb5 Nd4+ 35. Nxd4 exd4 36. Qg1 d3+ 37. Kxd3 Qf3+ 38. Kc2 cxd6 39. e5 Rac8+ 40. Kb2 dxe5 41. Rc1 e4+ 42. Ka2 e3 43. Rc3 Qxf2 44. Qg4 Qxd2+ 45. Kb1 Qxc3 46. Qe6+ Rf7 0-1